The Surgeon (Record no. 931)

MARC details
000 -LEADER
fixed length control field 00268nam a2200109 4500
008 - FIXED-LENGTH DATA ELEMENTS--GENERAL INFORMATION
fixed length control field 160625b xxu||||| |||| 00| 0 eng d
100 ## - MAIN ENTRY--PERSONAL NAME
9 (RLIN) 1149
Personal name Heinz, W.C
245 ## - TITLE STATEMENT
Title The Surgeon
260 ## - PUBLICATION, DISTRIBUTION, ETC. (IMPRINT)
Place of publication, distribution, etc. N.Y
Name of publisher, distributor, etc. Doubleday & Com.Inc.
Date of publication, distribution, etc. 1963
300 ## - PHYSICAL DESCRIPTION
Extent The Surgeon
942 ## - ADDED ENTRY ELEMENTS (KOHA)
Source of classification or shelving scheme Dewey Decimal Classification
Koha item type BOOK
Holdings
Withdrawn status Lost status Source of classification or shelving scheme Damaged status Not for loan Home library Current library Shelving location Date acquired Total Checkouts Full call number Barcode Date last seen Date last checked out Price effective from Koha item type
    Dewey Decimal Classification     Good Samaritan School Library Good Samaritan School Library FICTION 06/25/2016 1 823 HEI1477 07/19/2019 07/16/2019 06/25/2016 BOOK

Powered by Koha